College Football Matchups: USC - Statistics

General Stats
  • This quiz has been taken 120 times
    22 since last reset
  • The average score is 13 of 16
Answer Stats
Games Opponent Subdivision % Correct
95 UCLA Power 4
100%
96 Notre Dame Power 4
95%
47 Arizona Power 4
90%
40 Arizona State Power 4
90%
112 California Power 4
90%
65 Oregon Power 4
90%
106 Stanford Power 4
90%
23 Utah Power 4
90%
88 Washington Power 4
90%
80 Oregon State Group of 5
86%
77 Washington State Group of 5
86%
17 Colorado Power 4
81%
24 Ohio State Power 4
81%
12 Michigan Power 4
71%
*11 Iowa Power 4
57%
14 Illinois Power 4
48%
No matching quizzes found
Score Distribution
Percent of People with Each Score
Percentile by Number Answered
Your Score History
You have not taken this quiz since the last reset